| Поле | Инд. | ПП | Название | Значение |
|---|---|---|---|---|
| Тип записи | a | |||
| Библиографический уровень | b | |||
| 001 | Контрольный номер | UNIDUBNA57e9f64efc794efd9eb4b72c4d9a679e | ||
| 005 | Дата корректировки | 20260525205314.6 | ||
| 008 | Кодируемые данные | 20170331 | ||
| 040 | b | Код языка каталог. | rus | |
| e | Правила каталог. | PSBO | ||
| 041 | 0_ | a | Код языка текста | rus |
| 084 | a | Индекс другой классификации/Индекс ББК | 63.3(2)6-27-362 | |
| 100 | 1_ | a | Автор | Просветов И. |
| e | Роль лиц | Просветов Иван | ||
| 245 | 10 | a | Заглавие | Осип Перников - человек, который успел везде |
| b | Продолж. заглавия | Бравый кавалерист русской армии создал крупнейшую туристическую компанию и успешно работал во французской разведке против нацистской Германии | ||
| 520 | 0_ | a | Аннотация | О судьбе Осипа Александровича Перникова - русского эмигранта, бывшего русского офицера, награжденного четырьмя Георгиевскими крестами, успешного бизнесмена, не принявшего германский нацизм, жившего между Германией и Францией, служившего во французской военной разведке... Судьба этого незаурядного человека стоит внимания читателей "Родины". |
| 600 | 14 | a | Персоналии | Перников Осип Александрович |
| 650 | 14 | a | Основная рубрика | внутренняя политика |
| a | Основная рубрика | история | ||
| 653 | 0_ | a | Ключевые слова | Германия |
| a | Ключевые слова | история разведки | ||
| a | Ключевые слова | история туризма | ||
| a | Ключевые слова | история эмиграции | ||
| a | Ключевые слова | политическая эмиграция | ||
| a | Ключевые слова | Россия | ||
| a | Ключевые слова | русская эмиграция | ||
| a | Ключевые слова | русское зарубежье | ||
| a | Ключевые слова | Франция | ||
| a | Ключевые слова | эмигранты | ||
| 773 | 08 | t | Заглавие источника | Родина |
| d | Дата издания источника | 2026 | ||
| g | Прочая информация | № 4. - С. 120 - 121 : фот., ил. | ||
| w | Контрольный № источника | UNIDUBNAd3f1dc7f83864c1389850c509fe509f0 | ||
| 901 | t | Тип документа | b |